000 00667nam a2200217 i 4500
001 9658
003 ES-MaACL
005 20250423131512.0
007 t|
008 931119s1986 sp ||||1| spa d
080 _a061.21(461.1)Ateneo(047.32)
110 2 _aAteneo de Madrid.
_91875
245 1 0 _aReglamento del Ateneo Científico, Literario y Artístico de Madrid, 1984.
260 _a[Madrid :
_bAteneo de Madrid],
_cD.L. 1986.
300 _a56 p. ;
_c12 cm.
610 2 7 _aAteneo de Madrid-
_vEstatutos y reglamentos.
_91918
852 _aES-MaACL
_j2144-F-21
_bR.121492
852 _aES-MaACL
_j2144-F-22
_bR.121491
942 _2udc
999 _c9658
_d9658